000 00878nas a2200277 4500
001 BR2012000124
003 BR-BrBNA
005 20231205115921.0
007 ta
008 230509b bl.|||p| |||| 00| 00por d
040 _aBR-BrBNA
_bpor
_cBiblioteca Nacional de Agricultura
041 _a(En)
072 _aL53
100 1 _aSouza, C.E.A.
100 1 _aMoura, A.A.
100 1 _aSouza-Lima, A.C.
100 1 _aKillian, G.J.
245 1 _aBinding patterns of seminal plasma plasma proteins on bovine epididymal and ejaculated sperm membrane
650 _aBOVINO
650 _aESPERMATOZOIDE
650 _aFERTILIDADE
650 _aPROTEÍNA ANIMAL
773 0 _tArquivo Brasileiro de Medicina Veterinária e Zootecnia (Brazil)
_xISSN 0102-0935
_g(Jun 2011), v. 63(3) p. 535-543
_wBR2012000124
909 _a202311
_bLúcia
_c55
_dLúcia Elande
942 _2AGRIS
_n0
_cANA
999 _c216296
_d216296